000 00618nam a2200217 i 4500
001 17163
003 ES-MaACL
005 20240607062953.0
007 t|
008 010111s2000 sp ||||1| spa d
020 _a84-85498-74-7
080 _a821.134.2-14"19"
100 1 _aLuis, Leopoldo de,
_d1918-2005
_974682
245 1 0 _aGeneración del 98 /
_cLeopoldo de Luis.
260 _aMadrid :
_bGrupo Cero,
_c2000.
300 _a71 p. :
_bil. ;
_c21 cm.
490 1 _aPablo Menassa de Lucía
830 1 _aPablo Menassa de Lucía
_9228693
852 _aES-MaACL
_j2161-F-1
999 _c17163
_d17163